<?xml version="1.0" encoding="UTF-8"?><?xml-stylesheet type="text/xsl" href="static/style.xsl"?><OAI-PMH xmlns="http://www.openarchives.org/OAI/2.0/" xmlns:xsi="http://www.w3.org/2001/XMLSchema-instance" xsi:schemaLocation="http://www.openarchives.org/OAI/2.0/ http://www.openarchives.org/OAI/2.0/OAI-PMH.xsd"><responseDate>2026-04-17T01:06:41Z</responseDate><request verb="GetRecord" identifier="oai:www.recercat.cat:11351/2218" metadataPrefix="marc">https://recercat.cat/oai/request</request><GetRecord><record><header><identifier>oai:recercat.cat:11351/2218</identifier><datestamp>2025-10-24T08:27:13Z</datestamp><setSpec>com_2072_378064</setSpec><setSpec>com_2072_378040</setSpec><setSpec>col_2072_378075</setSpec></header><metadata><record xmlns="http://www.loc.gov/MARC21/slim" xmlns:dcterms="http://purl.org/dc/terms/" xmlns:xsi="http://www.w3.org/2001/XMLSchema-instance" xmlns:doc="http://www.lyncode.com/xoai" xsi:schemaLocation="http://www.loc.gov/MARC21/slim http://www.loc.gov/standards/marcxml/schema/MARC21slim.xsd">
   <leader>00925njm 22002777a 4500</leader>
   <datafield ind2=" " ind1=" " tag="042">
      <subfield code="a">dc</subfield>
   </datafield>
   <datafield ind2=" " ind1=" " tag="720">
      <subfield code="a">Departament de Salut, Servei d'Informació i Estudis</subfield>
      <subfield code="e">author</subfield>
   </datafield>
   <datafield ind2=" " ind1=" " tag="260">
      <subfield code="c">2016-08-19T12:40:14Z</subfield>
   </datafield>
   <datafield ind2=" " ind1=" " tag="260">
      <subfield code="c">2016-08-19T12:40:14Z</subfield>
   </datafield>
   <datafield ind2=" " ind1=" " tag="260">
      <subfield code="c">2009-07</subfield>
   </datafield>
   <datafield ind2=" " ind1=" " tag="520">
      <subfield code="a">Defuncions; Causes de mort; Malalties</subfield>
   </datafield>
   <datafield ind2=" " ind1=" " tag="520">
      <subfield code="a">Defunciones; Causas de muerte; Enfermedades</subfield>
   </datafield>
   <datafield ind2=" " ind1=" " tag="520">
      <subfield code="a">Deaths; Causes of death; Deseases</subfield>
   </datafield>
   <datafield ind2=" " ind1=" " tag="520">
      <subfield code="a">En aquest article es presenten els resultats més destacats de l’anàlisi de la mortalitat a Catalunya de l’any 2007. Les estadístiques de mortalitat són útils, en l’àmbit de la salut, tant per a la planificació i l’avaluació de serveis sanitaris com per a la generació d’hipòtesis sobre la causa i la distribució de malalties. Per tal de facilitar-ne la difusió, el Departament de Salut edita una publicació anual amb les dades de mortalitat analitzades des del punt de vista sanitari.</subfield>
   </datafield>
   <datafield ind2=" " ind1=" " tag="520">
      <subfield code="a">En este artículo se presentan los resultados más destacados del análisis de la mortalidad en Cataluña del año 2007. Las estadísticas de mortalidad son útiles, en el ámbito de la salud, tanto para la planificación y la evaluación de servicios sanitarios como para la generación de hipótesis sobre la causa y la distribución de enfermedades. Para facilitar su difusión, el Departamento de Salud edita una publicación anual con los datos de mortalidad analizadas desde el punto de vista sanitario.</subfield>
   </datafield>
   <datafield ind2=" " ind1=" " tag="520">
      <subfield code="a">This article presents the most important results of mortality analysis in Catalonia in 2007. Mortality statistics are useful in the field of health, both for health services planning and evaluation and for generating hypotheses about causes and distribution of diseases. In order to facilitate its dissemination, the Department of Health publishes an annual analyzed publication with mortality data from the health point of view.</subfield>
   </datafield>
   <datafield ind1="8" ind2=" " tag="024">
      <subfield code="a">http://hdl.handle.net/11351/2218</subfield>
   </datafield>
   <datafield tag="653" ind2=" " ind1=" ">
      <subfield code="a">Mortalitat - Catalunya - Estadístiques</subfield>
   </datafield>
   <datafield tag="653" ind2=" " ind1=" ">
      <subfield code="a">Indicadors de salut</subfield>
   </datafield>
   <datafield tag="653" ind2=" " ind1=" ">
      <subfield code="a">HEALTH CARE::Population Characteristics::Demography::Vital Statistics::Mortality</subfield>
   </datafield>
   <datafield tag="653" ind2=" " ind1=" ">
      <subfield code="a">Catalonia</subfield>
   </datafield>
   <datafield tag="653" ind2=" " ind1=" ">
      <subfield code="a">PUBLIC HEALTH::Environmental Health::Science::Social Sciences::Demography::Statistics as Topic::Environmental Health::Science::Social Sciences::Demography::Health Status Indicators</subfield>
   </datafield>
   <datafield tag="653" ind2=" " ind1=" ">
      <subfield code="a">ATENCIÓN DE SALUD::Características de la Población::demografía::estadísticas vitales::mortalidad</subfield>
   </datafield>
   <datafield tag="653" ind2=" " ind1=" ">
      <subfield code="a">Cataluña</subfield>
   </datafield>
   <datafield tag="653" ind2=" " ind1=" ">
      <subfield code="a">SALUD PÚBLICA::salud ambiental::ciencia::ciencias sociales::demografía::estadística como asunto::salud ambiental::ciencia::ciencias sociales::demografía::indicadores de salud</subfield>
   </datafield>
   <datafield ind2="0" ind1="0" tag="245">
      <subfield code="a">Anàlisi de la mortalitat a Catalunya - 2007: resum de resultats</subfield>
   </datafield>
</record></metadata></record></GetRecord></OAI-PMH>